000
00294nam a2200121Ia 4500
008
210430s9999 xx 000 0 und d
082
_a
155.93 M8271A
100
_a
Lord Moran
_9
54585
245
4
_a
The Anatomy of Courage /
_c
Lord Moran
260
_a
London
300
_a
216
942
_c
BK
_2
ddc
999
_c
565211
_d
565211